Aplikácia metódy QFD na optimalizáciu výrobného procesu stretch fólii v PAP-PEX SLOVAKIA, s.r.o.
Guardado en:
| Autor principal: | |
|---|---|
| Otros Autores: | |
| Formato: | Manuscrito Libro |
| Lenguaje: | eslovaco |
| Publicado: |
2016
|
| Materias: | |
| Acceso en línea: | http://is.stuba.sk/zp/portal_zp.pl?podrobnosti=118523 |
| Etiquetas: |
Sin Etiquetas, Sea el primero en etiquetar este registro!
|
MARC
| LEADER | 00000ntm a22000003a 4500 | ||
|---|---|---|---|
| 001 | stuzp56670 | ||
| 003 | SK-STU | ||
| 005 | 20160719155048.1 | ||
| 007 | ta | ||
| 008 | 150427s2015----xo-----f-mn---000-0-slo-d | ||
| 040 | |a STU |b slo | ||
| 041 | 0 | |a slo | |
| 100 | 1 | |a Schneider, Mário |u 064000 |k Z4 |4 aut |U MTF Materiálovotechnologická fakulta |T MTF Ústav priemyselného inžinierstva a manažmentu |X 45655 |U M4000 |Y 84 |7 A000045655 | |
| 242 | 0 | 1 | |a Application of QFD method to optimalize stretch foil production process at PAP-PEX SLOVAKIA, Ltd. |y eng |
| 245 | 1 | 0 | |a Aplikácia metódy QFD na optimalizáciu výrobného procesu stretch fólii v PAP-PEX SLOVAKIA, s.r.o. |
| 260 | |c 2016 | ||
| 650 | 4 | |a procesné riadenie |2 slo | |
| 650 | 4 | |a inovačný manažment |2 slo | |
| 650 | 4 | |a metóda QFD |2 slo | |
| 650 | 4 | |a dom kvality |2 slo | |
| 650 | 4 | |a stretch fólia |2 slo | |
| 650 | 4 | |a process management |2 eng | |
| 650 | 4 | |a innovation management |2 eng | |
| 650 | 4 | |a QFD method |2 eng | |
| 650 | 4 | |a house of quality |2 eng | |
| 650 | 4 | |a stretch foil |2 eng | |
| 700 | 1 | |a Lenhardtová, Zuzana |4 ths |X 10274 |7 A000010274 | |
| 856 | 4 | |u http://is.stuba.sk/zp/portal_zp.pl?podrobnosti=118523 | |
| 996 | |c M* DP-12725 |l MMSKP |s P |a 0 |w stuzp56670_0001 | ||
| SQL | |a stuzp56670 |b DDP |c SLO |d Aplikácia metódy QFD na optimalizáciu výrobného procesu stretch fólii v PAP-PEX SLOVAKIA, s.r.o. |e 45655 |f Schneider, Mário |g 064000 |h 10274 |i Lenhardtová, Zuzana |j 20160530 |k 189 |l 06 |m http://is.stuba.sk/zp/portal_zp.pl?podrobnosti=118523 |n I-PMA |o 5.2.52. priemyselné inžinierstvo | ||